00258nam a2200109Ia 4500008004100000100002000041245002900061260002400090650001000114942000700124999001700131190216s9999||||xx |||||||||||||| ||und|| aRamachandra Rao 0aHindi-Malayalam Sahithya bAsha Prakashan Grug aHindi cBK c15293d15293